[Event "CRO Cup"]
[Site "Mali Losinj"]
[Date "2018.05.20"]
[Round "6.131"]
[White "Zelic, Zdravko"]
[Black "Mrdja, Milan"]
[Result "1-0"]
[WhiteElo "2343"]
[BlackElo "2296"]
[PlyCount "111"]
[EventDate "2018.05.16"]
[EventType "team-swiss"]
[EventRounds "6"]
[EventCountry "CRO"]
[SourceTitle "CBM 184 Extra"]
[Source "ChessBase"]
[SourceDate "2018.06.28"]
[SourceVersion "1"]
[SourceVersionDate "2018.06.28"]
[SourceQuality "1"]
[WhiteTeam "Zabok Polet"]
[BlackTeam "Zagreb Uriho"]
[WhiteTeamCountry "CRO"]
[BlackTeamCountry "CRO"]

1. e4 c5 2. Nf3 d6 3. d4 cxd4 4. Nxd4 Nf6 5. Nc3 a6 6. Be3 e5 7. Nb3 Be6 8. f3 h5 9. Qd2 Nbd7 10. Nd5 Bxd5 11. exd5 Be7 12. Na5 Qc7 13. c4 0-0 14. Be2 Bd8 15. b4 Qb8 16. Nb3 b6 17. 0-0 Qb7 18. Rfd1 Bc7 19. Rab1 Rfb8 20. Rbc1 a5 21. c5 bxc5 22. bxc5 dxc5 23. Nxc5 Nxc5 24. Rxc5 Bb6 25. Rb5 Bxe3+ 26. Qxe3 Qd7 27. a4 Rxb5 28. Bxb5 Qd6 29. Re1 Rd8 30. Qxe5 Qb4 31. Rd1 Qc5+ 32. Qd4 Qxd5 33. Qxd5 Rxd5 34. Rxd5 Nxd5 35. Kf2 Kf8 36. Bc6 Nb4 37. Bb5 Nd5 38. Bc4 Nb6 39. Bb3 Ke7 40. Ke3 f6 41. h4 g5 42. g3 Nd7 43. Bd1 gxh4 44. gxh4 Ne5 45. Bc2 Kd6 46. f4 Nd7 47. Ke4 Nc5+ 48. Kf5 Ke7 49. Bd1 Ne6 50. Bxh5 Ng7+ 51. Kg4 Ne6 52. Bg6 Nd4 53. h5 Kf8 54. h6 Kg8 55. Kg3 Kf8 56. Kf2 1-0

[Event "CRO Cup"]
[Site "Mali Losinj"]
[Date "2018.05.17"]
[Round "3.101"]
[White "Zelic, Zdravko"]
[Black "Rosic, Slavko S"]
[Result "1-0"]
[WhiteElo "2343"]
[BlackElo "2224"]
[PlyCount "55"]
[EventDate "2018.05.16"]
[EventType "team-swiss"]
[EventRounds "6"]
[EventCountry "CRO"]
[SourceTitle "CBM 184 Extra"]
[Source "ChessBase"]
[SourceDate "2018.06.28"]
[SourceVersion "1"]
[SourceVersionDate "2018.06.28"]
[SourceQuality "1"]
[WhiteTeam "Zabok Polet"]
[BlackTeam "Zupanja Sladorana"]
[WhiteTeamCountry "CRO"]
[BlackTeamCountry "CRO"]

1. e4 c6 2. d4 d5 3. exd5 cxd5 4. c4 Nf6 5. Nc3 e6 6. Nf3 Be7 7. Bd3 0-0 8. 0-0 Nbd7 9. cxd5 Nxd5 10. Re1 N5f6 11. Bg5 h6 12. Bh4 Re8 13. Qe2 Nb6 14. Rad1 Bd7 15. Ne5 Bc6 16. Bb1 Bb4 17. Qd3 Nbd5 18. f3 Be7 19. Ng4 Nxc3 20. bxc3 Kf8 21. Bxf6 Bxf6 22. Qh7 Bd5 23. Ne3 Ke7 24. c4 Bc6 25. d5 exd5 26. Nxd5+ Kd6 27. Nxf6+ Kc7 28. Nxe8+ 1-0

[Event "Krapina Regional Cup"]
[Site "Krapina"]
[Date "2016.02.14"]
[Round "2"]
[White "Novosel, Vladimir"]
[Black "Zelic, Zdravko"]
[Result "0-1"]
[WhiteElo "1980"]
[BlackElo "2373"]
[PlyCount "100"]
[EventDate "2016.02.14"]
[EventType "team-swiss"]
[EventRounds "5"]
[EventCountry "CRO"]
[SourceTitle "CBM 171 Extra"]
[Source "ChessBase"]
[SourceDate "2016.04.26"]
[SourceVersion "1"]
[SourceVersionDate "2016.04.26"]
[SourceQuality "1"]

1. e4 c5 2. Nf3 e6 3. Nc3 Nc6 4. d4 cxd4 5. Nxd4 Qc7 6. a3 a6 7. Be3 Nf6 8. Bd3 Ne5 9. h3 b5 10. f4 Nc4 11. Bxc4 Qxc4 12. Qd3 Bb7 13. Qxc4 bxc4 14. e5 Nd5 15. Nxd5 Bxd5 16. Nf3 Bxf3 17. gxf3 d5 18. exd6 Bxd6 19. 0-0-0 Ke7 20. f5 e5 21. Rhg1 Rhg8 22. Rg4 Rac8 23. Bg5+ f6 24. Bd2 g6 25. Rh4 Rg7 26. fxg6 hxg6 27. Bb4 Bxb4 28. axb4 Ke6 29. c3 Rcc7 30. Rd8 g5 31. Rhh8 Rh7 32. Rxh7 Rxh7 33. Ra8 Rxh3 34. Rxa6+ Ke7 35. Rc6 Rxf3 36. b5 Rh3 37. Rxc4 Rh8 38. Kd2 Rb8 39. Rc7+ Ke6 40. c4 g4 41. Rg7 f5 42. Rg6+ Kf7 43. Rd6 f4 44. Kd3 g3 45. Ke4 g2 46. Rd1 Rg8 47. Rg1 Rg3 48. b6 Ke6 49. Re1 g1Q 50. Rxg1 Re3# 0-1

[Event "Zagreb op"]
[Site "Zagreb"]
[Date "2014.03.22"]
[Round "7"]
[White "Fercec, Nenad"]
[Black "Zelic, Zdravko"]
[Result "1-0"]
[WhiteElo "2490"]
[BlackElo "2377"]
[PlyCount "67"]
[EventDate "2014.03.17"]
[EventType "swiss"]
[EventRounds "9"]
[EventCountry "CRO"]
[SourceTitle "CBM 159 Extra"]
[Source "ChessBase"]
[SourceDate "2014.04.24"]
[SourceVersion "1"]
[SourceVersionDate "2014.04.24"]
[SourceQuality "1"]

1. e4 d6 2. d4 Nf6 3. Nc3 g6 4. Bg5 Bg7 5. Qd2 c6 6. 0-0-0 b5 7. Bd3 Nbd7 8. f4 Nb6 9. Nf3 b4 10. Ne2 a5 11. e5 Nfd5 12. f5 gxf5 13. Ng3 h6 14. Nh5 Bf8 15. Bh4 Be6 16. exd6 Qxd6 17. Ne5 a4 18. Bg3 f4 19. Bxf4 Nxf4 20. Qxf4 a3 21. b3 Nd5 22. Qf3 Nc3 23. Rdf1 Qd5 24. Qf2 0-0-0 25. Nf4 Qd6 26. Nxe6 fxe6 27. Nf7 Qd5 28. Nxh8 Bg7 29. Nf7 Bxd4 30. Qg3 Qc5 31. Rf3 Rf8 32. Kd2 Kd7 33. Re1 Nd5 34. Ne5+ 1-0

[Event "CRO-chT Cup 22nd"]
[Site "Bol"]
[Date "2013.05.23"]
[Round "3.71"]
[White "Zelic, Zdravko"]
[Black "Mrdja, Milan"]
[Result "0-1"]
[WhiteElo "2382"]
[BlackElo "2377"]
[PlyCount "70"]
[EventDate "2013.05.22"]
[EventType "team"]
[EventRounds "6"]
[EventCountry "CRO"]
[SourceTitle "CBM 154 Extra"]
[Source "ChessBase"]
[SourceDate "2013.06.25"]
[SourceVersion "2"]
[SourceVersionDate "2013.06.25"]
[SourceQuality "1"]
[WhiteTeam "Zabok Polet"]
[BlackTeam "Vukovar"]
[WhiteTeamCountry "CRO"]
[BlackTeamCountry "CRO"]

1. e4 d5 2. exd5 Qxd5 3. Nc3 Qd6 4. d4 Nf6 5. Nf3 g6 6. Nb5 Qb6 7. a4 a6 8. Na3 Bg7 9. Nc4 Qa7 10. Nce5 0-0 11. Bc4 e6 12. 0-0 Nd5 13. Qe2 Nd7 14. Re1 Nxe5 15. dxe5 Bd7 16. Qe4 Nb6 17. Bb3 Bc6 18. Qf4 Bxf3 19. Qxf3 Nd7 20. Bf4 Rad8 21. h4 h6 22. Rad1 Qb6 23. Qg3 Nc5 24. Qe3 Kh7 25. h5 Nxb3 26. Rxd8 Rxd8 27. hxg6+ fxg6 28. cxb3 Qxe3 29. Rxe3 g5 30. Bg3 Kg6 31. Re4 Rd5 32. Rc4 c6 33. Kf1 Rd2 34. Ke1 Rxb2 35. Rc3 h5 0-1

[Event "CRO Cup 21st"]
[Site "Sibenik"]
[Date "2012.05.18"]
[Round "4.61"]
[White "Zelic, Zdravko"]
[Black "Srbis, Jurica"]
[Result "1/2-1/2"]
[WhiteElo "2397"]
[BlackElo "2297"]
[PlyCount "87"]
[EventDate "2012.05.16"]
[EventType "team-swiss"]
[EventRounds "6"]
[EventCountry "CRO"]
[SourceTitle "CBM 148 Extra"]
[Source "ChessBase"]
[SourceDate "2012.06.22"]
[SourceVersion "1"]
[SourceVersionDate "2012.06.22"]
[SourceQuality "1"]
[WhiteTeam "Zabok Polet"]
[BlackTeam "Koprivnica"]
[WhiteTeamCountry "CRO"]
[BlackTeamCountry "CRO"]

1. e4 c5 2. Nf3 Nc6 3. d4 cxd4 4. Nxd4 g6 5. c4 Bg7 6. Be3 Nf6 7. Nc3 d6 8. Be2 0-0 9. 0-0 Bd7 10. Qd2 Nxd4 11. Bxd4 Bc6 12. f3 a5 13. b3 Nd7 14. Be3 Nc5 15. Rab1 Qb6 16. Rfc1 Rfc8 17. Rc2 Qd8 18. a3 Be5 19. b4 axb4 20. axb4 Na4 21. Nd1 Qe8 22. Bd4 Bxd4+ 23. Qxd4 Qd8 24. Kh1 Qb6 25. Qd2 Qd8 26. Ne3 Nb6 27. Qd4 Ra3 28. Ng4 f6 29. Rd2 Raa8 30. Qe3 Qc7 31. c5 dxc5 32. bxc5 Nd7 33. Bc4+ Kh8 34. Be6 Rd8 35. Rbd1 Ba4 36. Nh6 Ne5 37. Rxd8+ Rxd8 38. Rxd8+ Qxd8 39. Nf7+ Nxf7 40. Bxf7 Qd1+ 41. Qg1 Qd2 42. h3 Kg7 43. Bd5 Bc6 44. Bxc6 1/2-1/2

[Event "CRO Cup 21st"]
[Site "Sibenik"]
[Date "2012.05.16"]
[Round "1.31"]
[White "Lalic, Bogdan"]
[Black "Zelic, Zdravko"]
[Result "1-0"]
[WhiteElo "2507"]
[BlackElo "2397"]
[PlyCount "57"]
[EventDate "2012.05.16"]
[EventType "team-swiss"]
[EventRounds "6"]
[EventCountry "CRO"]
[SourceTitle "CBM 148 Extra"]
[Source "ChessBase"]
[SourceDate "2012.06.22"]
[SourceVersion "1"]
[SourceVersionDate "2012.06.22"]
[SourceQuality "1"]
[WhiteTeam "Mravince"]
[BlackTeam "Zabok Polet"]
[WhiteTeamCountry "CRO"]
[BlackTeamCountry "CRO"]

1. Nf3 Nf6 2. c4 g6 3. Nc3 Bg7 4. e4 d6 5. d4 0-0 6. Be2 e5 7. 0-0 Nc6 8. d5 Ne7 9. b4 Nh5 10. Re1 Nf4 11. Bf1 h6 12. c5 f5 13. Bxf4 exf4 14. e5 Kh7 15. Rc1 dxe5 16. Nxe5 Ng8 17. Nc4 Bd7 18. d6 cxd6 19. Nxd6 b6 20. Nd5 bxc5 21. bxc5 Qa5 22. c6 Bc8 23. c7 g5 24. a4 Nf6 25. Ne7 Ng4 26. Nexc8 Raxc8 27. Nxc8 Rxc8 28. Qd7 Nxf2 29. Re7 1-0

[Event "Zagreb op-A"]
[Site "Zagreb"]
[Date "2012.03.10"]
[Round "6"]
[White "Bender, Ivan"]
[Black "Zelic, Zdravko"]
[Result "1/2-1/2"]
[WhiteElo "2272"]
[BlackElo "2404"]
[PlyCount "83"]
[EventDate "2012.03.05"]
[EventType "swiss"]
[EventRounds "9"]
[EventCountry "CRO"]
[SourceTitle "CBM 147 Extra"]
[Source "ChessBase"]
[SourceDate "2012.04.24"]
[SourceVersion "1"]
[SourceVersionDate "2012.04.24"]
[SourceQuality "1"]

1. Nf3 Nf6 2. c4 g6 3. d4 Bg7 4. e3 0-0 5. Be2 d6 6. 0-0 c5 7. b3 b6 8. Bb2 e6 9. Nbd2 Bb7 10. Qc2 Nbd7 11. Rac1 Rc8 12. Qb1 a6 13. Rfd1 d5 14. Ne5 cxd4 15. Bxd4 Nc5 16. cxd5 exd5 17. b4 Ne6 18. Rxc8 Bxc8 19. Bb2 Bb7 20. b5 axb5 21. Bxb5 Qd6 22. Nef3 Qe7 23. Be2 Ra8 24. Rc1 Ne4 25. Nb3 Bh6 26. Nbd4 N6c5 27. Nc2 Na4 28. Ba3 Qf6 29. Qb3 Nac5 30. Bxc5 Nxc5 31. Qb1 Re8 32. Ncd4 Bf8 33. Rc2 Ra8 34. Rb2 Na4 35. Rb3 Ba6 36. Bxa6 Rxa6 37. Qc1 Nc5 38. Ra3 Rxa3 39. Qxa3 Ne4 40. Qb3 Qd6 41. g3 Qc5 42. Kg2 1/2-1/2

[Event "CRO-chT3 Center-A"]
[Site "Zagreb"]
[Date "2011.10.16"]
[Round "8.61"]
[White "Zelic, Zdravko"]
[Black "Sebenik, Matej"]
[Result "1/2-1/2"]
[WhiteElo "2391"]
[BlackElo "2530"]
[PlyCount "92"]
[EventDate "2011.03.13"]
[EventType "team-tourn"]
[EventRounds "11"]
[EventCountry "CRO"]
[SourceTitle "EXT 2014"]
[Source "ChessBase"]
[SourceDate "2013.11.20"]
[SourceVersion "1"]
[SourceVersionDate "2013.11.20"]
[SourceQuality "1"]

1. e4 e6 2. d4 d5 3. Nc3 Nf6 4. e5 Nfd7 5. f4 c5 6. Nf3 Nc6 7. Be3 Be7 8. Qd2 0-0 9. dxc5 Bxc5 10. Bxc5 Nxc5 11. 0-0-0 Qa5 12. Kb1 Rd8 13. Bd3 Bd7 14. Qf2 Be8 15. Bxh7+ Kxh7 16. Qh4+ Kg8 17. Ng5 Na4 18. Nxa4 Qxa4 19. c3 Rac8 20. Qh7+ Kf8 21. Qh4 Kg8 22. Qh7+ Kf8 23. Qh4 Kg8 24. b3 Qa3 25. f5 exf5 26. Rhe1 Nb4 27. Qxb4 Qxb4 28. cxb4 d4 29. Rd2 Bc6 30. Red1 Re8 31. Rxd4 Rxe5 32. Rd8+ Re8 33. Rxc8 Rxc8 34. Rd2 f6 35. Ne6 b6 36. Kb2 Be4 37. g3 Kf7 38. Nd4 a6 39. b5 a5 40. Rf2 Rc5 41. a4 g5 42. Rd2 Rd5 43. Kc3 Rc5+ 44. Kb2 Rd5 45. Kc3 Rc5+ 46. Kb2 Rd5 1/2-1/2

[Event "Zagreb op-A"]
[Site "Zagreb"]
[Date "2011.04.15"]
[Round "5"]
[White "Zelic, Zdravko"]
[Black "Drazic, Sinisa"]
[Result "1-0"]
[WhiteElo "2391"]
[BlackElo "2467"]
[PlyCount "87"]
[EventDate "2011.04.11"]
[EventType "swiss"]
[EventRounds "9"]
[EventCountry "CRO"]
[SourceTitle "CBM 141 Extra"]
[Source "ChessBase"]
[SourceDate "2011.05.03"]
[SourceVersion "1"]
[SourceVersionDate "2011.05.03"]
[SourceQuality "1"]

1. e4 e6 2. d4 d5 3. Nc3 Nf6 4. e5 Nfd7 5. f4 c5 6. Nf3 Nc6 7. Be3 Qb6 8. Na4 Qa5+ 9. c3 c4 10. b4 Qc7 11. Nb2 b5 12. a4 Rb8 13. axb5 Rxb5 14. Qc2 Nb6 15. Be2 a5 16. bxa5 Nxa5 17. 0-0 Nb3 18. Ra2 Be7 19. g4 0-0 20. Nd1 Ra5 21. Rxa5 Nxa5 22. Nf2 Qd7 23. Bd1 f5 24. exf6 gxf6 25. g5 f5 26. Ne5 Qe8 27. Kh1 Nd7 28. Nh3 Kg7 29. Rg1 Nb7 30. Qf2 Rg8 31. Qh4 Nxe5 32. fxe5 Kh8 33. Nf4 Qd8 34. Nh5 Bd7 35. Bf4 Be8 36. Nf6 Rg7 37. Bh5 Ba4 38. g6 Bc2 39. Bf3 Qg8 40. Bg5 Qd8 41. Bh6 Bxf6 42. exf6 Rxg6 43. Rxg6 hxg6 44. f7 1-0

[Event "Zagreb op-A"]
[Site "Zagreb"]
[Date "2011.04.11"]
[Round "1"]
[White "Zelic, Zdravko"]
[Black "Jankovic, Alojzije"]
[Result "1/2-1/2"]
[WhiteElo "2391"]
[BlackElo "2563"]
[PlyCount "131"]
[EventDate "2011.04.11"]
[EventType "swiss"]
[EventRounds "9"]
[EventCountry "CRO"]
[SourceTitle "CBM 141 Extra"]
[Source "ChessBase"]
[SourceDate "2011.05.03"]
[SourceVersion "1"]
[SourceVersionDate "2011.05.03"]
[SourceQuality "1"]

1. e4 c5 2. Nf3 Nc6 3. d4 cxd4 4. Nxd4 Nf6 5. Nc3 d6 6. Bg5 Qa5 7. Bxf6 gxf6 8. Nb3 Qc7 9. Qh5 e6 10. f4 a6 11. f5 Ke7 12. 0-0-0 Bd7 13. Kb1 b5 14. a3 Rb8 15. Be2 b4 16. axb4 Nxb4 17. fxe6 fxe6 18. Rd2 Be8 19. Qh4 Bg7 20. Rhd1 Rb6 21. Na5 Bg6 22. Nc4 Rc6 23. Rxd6 Rxd6 24. Rxd6 Rd8 25. Rxd8 Qxd8 26. Qf2 Qc7 27. Qd4 Bf8 28. g3 Kf7 29. Na4 h5 30. Bd3 h4 31. Qb6 Qxb6 32. Naxb6 Nxd3 33. cxd3 h3 34. Na4 Bb4 35. Nc3 Bc5 36. Nd2 Bh5 37. Kc2 Kg6 38. Nf1 Kg5 39. Kd2 Bf3 40. Ne3 Bd6 41. Nf1 Be5 42. Ke3 Bg2 43. d4 Bb8 44. Ke2 a5 45. Kf2 Ba7 46. Nb5 Bb6 47. Nd2 Bd8 48. Ke3 Kg4 49. Kf2 Be7 50. Nc4 Bxe4 51. Nxa5 Bd3 52. Nc3 Kf5 53. Nb3 e5 54. dxe5 fxe5 55. Nd5 Bf8 56. Ne3+ Kg5 57. Nd2 e4 58. Nb3 Bg7 59. Nc5 Bxb2 60. Ne6+ Kf6 61. Nf4 Bd4 62. Nxh3 Bb5 63. Nf4 Bc4 64. h4 Ke5 65. Ne2 Bc5 66. Nf4 1/2-1/2

[Event "CRO-chT3 Center-A"]
[Site "Zagreb"]
[Date "2011.04.03"]
[Round "4.51"]
[White "Medic, Mirjana"]
[Black "Zelic, Zdravko"]
[Result "0-1"]
[WhiteElo "2271"]
[BlackElo "2391"]
[PlyCount "110"]
[EventDate "2011.03.13"]
[EventType "team-tourn"]
[EventRounds "11"]
[EventCountry "CRO"]
[SourceTitle "EXT 2014"]
[Source "ChessBase"]
[SourceDate "2013.11.20"]
[SourceVersion "1"]
[SourceVersionDate "2013.11.20"]
[SourceQuality "1"]

1. d4 Nf6 2. c4 e6 3. Nc3 Bb4 4. Qc2 d5 5. cxd5 exd5 6. Bg5 h6 7. Bxf6 Qxf6 8. a3 Bxc3+ 9. Qxc3 0-0 10. Nf3 Bf5 11. e3 Rc8 12. Rc1 Nd7 13. Bd3 Bxd3 14. Qxd3 c5 15. 0-0 c4 16. Qe2 b5 17. e4 dxe4 18. Qxe4 Qd6 19. Rfe1 Nb6 20. Qf5 a6 21. h3 Na4 22. Rc2 Re8 23. Re5 Rxe5 24. Nxe5 Qd5 25. Qf4 Re8 26. Nf3 Qe4 27. Qc1 Nb6 28. Rd2 Nd5 29. Qd1 Nf4 30. Kh2 g5 31. g3 Nd3 32. b3 Re6 33. bxc4 bxc4 34. Ne5 Nxe5 35. dxe5 Qxe5 36. Rd8+ Kg7 37. Rc8 Qb2 38. Kg1 Rf6 39. Qe1 Qd4 40. Qe2 c3 41. a4 Qxa4 42. Rc4 Qa1+ 43. Kg2 Qb2 44. Qxb2 cxb2 45. Rb4 a5 46. Rxb2 a4 47. Ra2 Ra6 48. Ra3 Kf6 49. Kf3 Ke5 50. Kg4 Kd4 51. h4 gxh4 52. Kxh4 Kc4 53. f4 Kb4 54. Ra1 a3 55. Kh5 Kb3 0-1

[Event "CRO-chT3 Center-A"]
[Site "Zagreb"]
[Date "2011.04.03"]
[Round "5.21"]
[White "Zelic, Zdravko"]
[Black "Soldo, Robert"]
[Result "1-0"]
[WhiteElo "2391"]
[BlackElo "2200"]
[PlyCount "97"]
[EventDate "2011.03.13"]
[EventType "team-tourn"]
[EventRounds "11"]
[EventCountry "CRO"]
[SourceTitle "EXT 2014"]
[Source "ChessBase"]
[SourceDate "2013.11.20"]
[SourceVersion "1"]
[SourceVersionDate "2013.11.20"]
[SourceQuality "1"]

1. e4 c5 2. Nf3 d6 3. d4 cxd4 4. Nxd4 Nf6 5. Nc3 a6 6. Be2 e6 7. 0-0 Be7 8. f4 Qc7 9. a4 Nc6 10. Kh1 0-0 11. Be3 Re8 12. Bf3 Bd7 13. Nb3 Rac8 14. a5 Nb4 15. Bb6 Qb8 16. Qd2 Bc6 17. Nd4 Nd7 18. Nxc6 Nxc6 19. Bf2 Qc7 20. Ne2 d5 21. exd5 exd5 22. Bxd5 Nf6 23. Bxc6 Qxc6 24. Nd4 Qd5 25. Bg1 Ne4 26. Qd1 Bf6 27. c3 Rcd8 28. Re1 Bh4 29. Re3 g6 30. f5 Bf6 31. Rf3 Bg7 32. Qc2 Ng5 33. Rg3 Ne4 34. Rf3 Ng5 35. Rd3 Ne4 36. Rad1 Nc5 37. R3d2 Ne4 38. Re2 gxf5 39. Rf1 Nd6 40. Rxe8+ Rxe8 41. Nxf5 Nxf5 42. Rxf5 Qc4 43. Rc5 Qf1 44. Qf2 Qd1 45. Rc7 Qb3 46. Qf3 Rb8 47. h3 Be5 48. Qg4+ Kf8 49. Bc5+ 1-0

[Event "CRO-chT3 Center-A"]
[Site "Zagreb"]
[Date "2011.03.27"]
[Round "3.31"]
[White "Zelic, Zdravko"]
[Black "Brankovic, Ljubomir"]
[Result "1-0"]
[WhiteElo "2391"]
[BlackElo "2055"]
[PlyCount "87"]
[EventDate "2011.03.13"]
[EventType "team-tourn"]
[EventRounds "11"]
[EventCountry "CRO"]
[SourceTitle "EXT 2014"]
[Source "ChessBase"]
[SourceDate "2013.11.20"]
[SourceVersion "1"]
[SourceVersionDate "2013.11.20"]
[SourceQuality "1"]

1. e4 d5 2. exd5 Nf6 3. c4 c6 4. d4 cxd5 5. Nc3 Nc6 6. Nf3 e6 7. Bd3 Be7 8. 0-0 0-0 9. cxd5 exd5 10. h3 h6 11. Bf4 a6 12. Re1 Be6 13. Qd2 Re8 14. Rad1 Bf8 15. Bb1 b5 16. Ne5 Rc8 17. Qd3 Nb4 18. Qf3 Nc6 19. Nxc6 Rxc6 20. Be5 Be7 21. a3 Qd7 22. Qd3 g6 23. Qf3 Nh7 24. Qg3 Bf5 25. Bxf5 Qxf5 26. Nxd5 Bd8 27. Ne3 Qg5 28. Qf3 Rce6 29. Rc1 Qe7 30. Rc6 Qd7 31. Rxe6 Rxe6 32. Rc1 Nf8 33. Qa8 f6 34. Rc8 Be7 35. Rc7 Qd8 36. Qb7 fxe5 37. d5 Rd6 38. Rxe7 Rd7 39. Rxd7 Qxd7 40. Qxa6 Kf7 41. Qb6 Nh7 42. Ng4 Qxd5 43. Qc7+ Kg8 44. Qxh7+ 1-0

[Event "CRO-chT3A Center"]
[Site "Zagreb"]
[Date "2010.11.07"]
[Round "9.61"]
[White "Zelic, Zdravko"]
[Black "Kruselj, Danijel"]
[Result "1-0"]
[WhiteElo "2371"]
[BlackElo "2086"]
[PlyCount "70"]
[EventDate "2010.03.21"]
[EventType "team-tourn"]
[EventRounds "11"]
[EventCountry "CRO"]
[SourceTitle "EXT 2012"]
[Source "ChessBase"]
[SourceDate "2011.11.24"]
[SourceVersion "1"]
[SourceVersionDate "2011.11.24"]
[SourceQuality "1"]

1. e4 d6 2. d4 Nd7 3. Nf3 e5 4. Nc3 Ngf6 5. Bc4 Be7 6. 0-0 0-0 7. Re1 c6 8. a4 Qc7 9. h3 Nb6 10. Bb3 a5 11. Be3 Ra6 12. Qd2 Be6 13. dxe5 dxe5 14. Bxe6 fxe6 15. Qe2 Bb4 16. Bxb6 Rxb6 17. Qc4 c5 18. Nb5 Rxb5 19. axb5 Bxe1 20. Qxe6+ Qf7 21. Qxf7+ Rxf7 22. Rxe1 Re7 23. Nd2 Kf7 24. Nc4 a4 25. f3 Ke6 26. Rd1 Rd7 27. Rxd7 Nxd7 28. Na5 Kd6 29. Nc4+ Kc7 30. Kf2 Nb6 31. Nxb6 Kxb6 32. c4 g5 33. g3 Ka5 34. f4 gxf4 35. gxf4 Kb4 1-0

[Event "CRO-chT3A Center"]
[Site "Zagreb"]
[Date "2010.03.28"]
[Round "2.41"]
[White "Zelic, Zdravko"]
[Black "Bazant, Jurica"]
[Result "1-0"]
[WhiteElo "2371"]
[BlackElo "2148"]
[PlyCount "75"]
[EventDate "2010.03.21"]
[EventType "team-tourn"]
[EventRounds "11"]
[EventCountry "CRO"]
[SourceTitle "EXT 2012"]
[Source "ChessBase"]
[SourceDate "2011.11.24"]
[SourceVersion "1"]
[SourceVersionDate "2011.11.24"]
[SourceQuality "1"]

1. e4 c6 2. d4 d6 3. Nf3 Nf6 4. Bd3 e5 5. c3 Nbd7 6. Nbd2 Be7 7. 0-0 0-0 8. Re1 Re8 9. Nf1 Bf8 10. Ng3 Qc7 11. Bg5 h6 12. Bd2 a5 13. h3 b6 14. Nf5 Ba6 15. Bc2 Rad8 16. Nh2 d5 17. exd5 Nxd5 18. Qg4 Kh8 19. Qh4 Nf4 20. Ng4 Bd3 21. Bxd3 Nxd3 22. Ngxh6 Nxe1 23. Rxe1 exd4 24. Nxf7+ Kg8 25. Nxd8 Qxd8 26. Qxd8 Rxd8 27. Bg5 Nf6 28. Nxd4 c5 29. Nf3 b5 30. g4 c4 31. Re5 Rd3 32. Re3 Rd1+ 33. Re1 Rxe1+ 34. Nxe1 b4 35. Bxf6 gxf6 36. cxb4 Bxb4 37. Nc2 Bc5 38. Ne3 1-0

[Event "CRO-chT3"]
[Site "Zagreb"]
[Date "2009.04.05"]
[Round "4"]
[White "Zelic, Zdravko"]
[Black "Hrvacic, Pavle"]
[Result "1-0"]
[WhiteElo "2372"]
[BlackElo "2298"]
[PlyCount "65"]
[EventDate "2009.03.08"]
[EventType "team-tourn"]
[EventRounds "9"]
[EventCountry "CRO"]
[SourceTitle "EXT 2011"]
[Source "ChessBase"]
[SourceDate "2010.11.26"]
[SourceVersion "1"]
[SourceVersionDate "2010.11.26"]
[SourceQuality "1"]

1. e4 g6 2. d4 Bg7 3. Nf3 d6 4. Nc3 e5 5. Be3 Nc6 6. dxe5 Nxe5 7. Nxe5 Bxe5 8. Qd2 a6 9. 0-0-0 Be6 10. f4 Bg7 11. Be2 h5 12. h3 h4 13. Rhf1 Nf6 14. f5 gxf5 15. exf5 Bd7 16. Kb1 Bc6 17. Bg5 Kf8 18. Bf3 Qd7 19. Bxc6 bxc6 20. Rde1 Rb8 21. b3 Rh5 22. Bxf6 Bxf6 23. Ne4 Be5 24. Nc5 Qd8 25. Rxe5 dxe5 26. Nd7+ Ke8 27. Qe2 Rxf5 28. Rxf5 Qxd7 29. Rxe5+ Kf8 30. Qh5 Kg7 31. Qg5+ Kh7 32. Qxh4+ Kg7 33. Rg5+ 1-0

[Event "CRO Cup 17th"]
[Site "Sibenik"]
[Date "2008.05.24"]
[Round "4"]
[White "Zamostni, Jan"]
[Black "Zelic, Zdravko"]
[Result "0-1"]
[WhiteElo "2255"]
[BlackElo "2362"]
[PlyCount "50"]
[EventDate "2008.05.21"]
[EventType "swiss"]
[EventRounds "5"]
[EventCountry "CRO"]
[SourceTitle "CBM 124 Extra"]
[Source "ChessBase"]
[SourceDate "2008.07.03"]
[SourceVersion "1"]
[SourceVersionDate "2008.07.03"]
[SourceQuality "1"]

1. e4 c5 2. Nf3 e6 3. d4 cxd4 4. Nxd4 Nc6 5. Nc3 Qc7 6. Be3 a6 7. Bd3 Nf6 8. 0-0 Ne5 9. h3 d6 10. Qe2 Be7 11. f4 Ng6 12. Rae1 0-0 13. f5 Ne5 14. Rf2 b5 15. a3 Bd7 16. g4 h6 17. g5 hxg5 18. Bxg5 Kh7 19. Kh1 g6 20. Qe3 Rae8 21. Ref1 Qd8 22. Bh6 Rh8 23. fxg6+ fxg6 24. Qg5 Kg8 25. Rg2 Nfg4 0-1